Involvements in rural societies by smallholder rubber farmers in Sri Lanka (Record no. 61671)

MARC details
000 -LEADER
fixed length control field 00626nam a2200181Ia 4500
100 ## - MAIN ENTRY--AUTHOR NAME
Personal name Wijesuriya Wasana
245 #0 - TITLE STATEMENT
Title Involvements in rural societies by smallholder rubber farmers in Sri Lanka
260 ## - PUBLICATION, DISTRIBUTION, ETC. (IMPRINT)
Name of publisher Preprints of Papers. International Natural Rubber Conference 13-14 November 2006, Vietnam, pp.549-556.
650 ## - SUBJECT ADDED ENTRY--TOPICAL TERM
Topical Term Participatory rural appraisal
650 ## - SUBJECT ADDED ENTRY--TOPICAL TERM
Topical Term Rural societies
650 ## - SUBJECT ADDED ENTRY--TOPICAL TERM
Topical Term Smallholder rubber farmers
700 ## - ADDED ENTRY--PERSONAL NAME
Personal name Dissanayake Anura
700 ## - ADDED ENTRY--PERSONAL NAME
Personal name Edirisinghe Jagath
700 ## - ADDED ENTRY--PERSONAL NAME
Personal name Herath Keminda
700 ## - ADDED ENTRY--PERSONAL NAME
Personal name Wijeratne Mahinda
942 ## - ADDED ENTRY ELEMENTS (KOHA)
Koha item type Journals
Holdings
Withdrawn status Lost status Damaged status Not for loan Home library Current library Shelving location Date acquired Koha item type
      Journals RRII Library RRII Library Agricultural economics 13/02/2007 Journals